Perspectivas y riesgos en la construcción de una nueva sociedad: lección magistral del Presidente de la República en la Universidad Católica de Chile
Saved in:
| Main Author: | |
|---|---|
| Format: | Book |
| Language: | Spanish |
| Published: |
Santiago
Nueva Universidad
1970
|
| Subjects: | |
| Tags: |
Add Tag
No Tags, Be the first to tag this record!
|
MARC
| LEADER | 00000cam a2200000 a 4500 | ||
|---|---|---|---|
| 001 | UCX8908 | ||
| 003 | CL-VaPUC | ||
| 008 | 940505e19700000CL |||||||||||||||||spa|d | ||
| 082 | 0 | 4 | |a 320.520 |b FRE |2 21 |
| 100 | |a Frei Montalva, Eduardo |e author |9 255811 | ||
| 245 | 1 | 0 | |a Perspectivas y riesgos en la construcción de una nueva sociedad: lección magistral del Presidente de la República en la Universidad Católica de Chile |
| 300 | |a 32 p | ||
| 942 | |c BK | ||
| 945 | |d 19940505 00:00:00 |a rbrito | ||
| 260 | |a Santiago |b Nueva Universidad |c 1970 | ||
| 650 | 0 | |a Política y gobierno |9 255151 | |
| 583 | |a last modification |c 20160616 01:34:09 |k Rodrigo Vera | ||
| 999 | |c 228277 |d 228275 | ||
| 952 | |0 0 |1 0 |4 0 |6 320_520000000000000_FRE_1970 |7 0 |8 A |9 228175 |a BIBEDU |b BIBEDU |d 2019-11-15 |i 2967278 |o 320.520 FRE 1970 |p 2967278 |r 2019-11-15 |w 2019-11-15 |y BK |k EDU | ||
| 952 | |0 0 |1 0 |3 erb |4 0 |6 320_520000000000000_FRE_1970 |7 0 |8 A |9 228176 |a FDOHBE |b FDOHBE |e Huesbe Llanos, Marco Antonio, 1934- |i 5333385 |o 320.520 FRE 1970 |p 5333385 |r 2024-01-30 |w 2019-11-15 |y BK |z Catalogado en:20160616 |k HBE | ||